[Event "Kishinev op"]
[Site "Kishinev"]
[Date "2014.01.26"]
[Round "9"]
[White "Silantiev, Stanislav"]
[Black "Bodlev, Evgheni"]
[Result "1/2-1/2"]
[WhiteElo "1814"]
[BlackElo "1909"]
[PlyCount "67"]
[EventDate "2014.01.18"]
[EventType "swiss"]
[EventRounds "9"]
[EventCountry "MDA"]
[SourceTitle "EXT 2016"]
[Source "ChessBase"]
[SourceDate "2015.10.08"]
[SourceVersion "1"]
[SourceVersionDate "2015.10.08"]
[SourceQuality "1"]

1. c4 Nf6 2. Nc3 d5 3. cxd5 Nxd5 4. g3 Nxc3 5. bxc3 g6 6. Bg2 Bg7 7. Bb2 0-0 8. Rb1 Nd7 9. Nf3 Nb6 10. d3 Bd7 11. c4 Bh6 12. Nd2 e5 13. 0-0 Re8 14. Nb3 e4 15. Nc5 e3 16. f4 Rb8 17. Nxd7 Qxd7 18. Rc1 c5 19. Ba1 Bg7 20. Bxg7 Kxg7 21. Rc2 Nc8 22. Qa1+ f6 23. a4 Nd6 24. Rb2 Nf5 25. Bh3 Qc6 26. Bxf5 gxf5 27. a5 h5 28. Rf3 Kf7 29. Qc1 Qd6 30. Rb5 Qd4 31. Qb1 Re7 32. Kg2 Qd6 33. h3 Qc6 34. Kh2 1/2-1/2

[Event "Kishinev op"]
[Site "Kishinev"]
[Date "2014.01.19"]
[Round "2"]
[White "Silantiev, Stanislav"]
[Black "Bargan, Sergei"]
[Result "0-1"]
[WhiteElo "1814"]
[BlackElo "2248"]
[PlyCount "154"]
[EventDate "2014.01.18"]
[EventType "swiss"]
[EventRounds "9"]
[EventCountry "MDA"]
[SourceTitle "EXT 2016"]
[Source "ChessBase"]
[SourceDate "2015.10.08"]
[SourceVersion "1"]
[SourceVersionDate "2015.10.08"]
[SourceQuality "1"]

1. c4 Nf6 2. Nc3 g6 3. Nf3 Bg7 4. g3 0-0 5. Bg2 c6 6. 0-0 d6 7. d3 e5 8. Qc2 Re8 9. Rd1 h6 10. Bd2 d5 11. Rac1 dxc4 12. dxc4 Qe7 13. e4 Bg4 14. h3 Bxf3 15. Bxf3 Nbd7 16. Bg2 Nc5 17. Be3 a5 18. b3 Kh7 19. Rd2 Red8 20. Rcd1 Rxd2 21. Qxd2 Ne6 22. Qd6 Qxd6 23. Rxd6 Bf8 24. Rd1 Bc5 25. Bxc5 Nxc5 26. Kf1 Kg7 27. Ke2 Kf8 28. Ke3 Ke7 29. f4 Nh5 30. Ne2 Ne6 31. Bf3 Nxg3 32. fxe5 Nxe2 33. Bxe2 Nc5 34. h4 Re8 35. Bg4 h5 36. Bh3 Rd8 37. Rxd8 Kxd8 38. Kd4 b6 39. Bg2 Ke7 40. Kc3 Kd7 41. a3 Ke6 42. b4 axb4+ 43. axb4 Na6 44. Bh3+ Kxe5 45. Bd7 c5 46. Be8 cxb4+ 47. Kb3 Ke6 48. Bc6 Ke7 49. e5 Nc5+ 50. Kxb4 Nd3+ 51. Kb5 Nxe5 52. Bd5 Nd7 53. Kc6 f6 54. Be4 g5 55. Kd5 gxh4 56. Bf5 Ne5 57. Bh3 Nd3 58. Kc6 Ne5+ 59. Kxb6 Nxc4+ 60. Kc5 Nd2 61. Kd4 Nf3+ 62. Ke3 Ng5 63. Bf5 h3 64. Kf2 Kd6 65. Bc8 Ke5 66. Kg3 h4+ 67. Kh2 Kf4 68. Bd7 f5 69. Bc8 Kg4 70. Ba6 Nf3+ 71. Kh1 Kg3 72. Bc8 h2 73. Bd7 f4 74. Bc6 Ng5 75. Bg2 f3 76. Bxf3 Kxf3 77. Kxh2 Kg4 0-1